000 00455nam a2200181 a 4500
001 000041337
005 20201002034812.0
008 131001s2003 ec 000 0 spa d
020 _a9978800522
040 _aDO-SdBNP
_bspa
_cBNPHU
082 _axxx
_bxxx
100 1 _aHomero
_938113
245 1 3 _aLa ilĂ­ada. /
_cHomero.
260 _aQuito, Ecuador :
_bLibresa,
_c2003.
300 _a391 p. ;
_c21 cm.
490 1 _aAntares
830 0 _aAntares
_911341
999 _c40827
_d40827